[Event "Budapest-chT1 Lilienthal 1718"]
[Site "Budapest"]
[Date "2018.03.18"]
[Round "12"]
[White "Kovacs, Milan"]
[Black "Kallai, Laszlo"]
[Result "1-0"]
[WhiteElo "2040"]
[BlackElo "1877"]
[PlyCount "55"]
[EventDate "2017.10.01"]
[EventType "team-tourn"]
[EventRounds "13"]
[EventCountry "HUN"]
[SourceTitle "EXT 2021"]
[Source "ChessBase"]
[SourceDate "2020.10.23"]
[SourceVersion "1"]
[SourceVersionDate "2020.10.23"]
[SourceQuality "1"]
[WhiteTeam "Mattolda"]
[BlackTeam "Budapest Ujpest KSE"]
[WhiteTeamCountry "HUN"]
[BlackTeamCountry "HUN"]

1. e4 e5 2. Nf3 Nc6 3. d4 exd4 4. Bc4 h6 5. 0-0 d6 6. Nxd4 Ne5 7. Bb3 c5 8. f4 cxd4 9. fxe5 Be6 10. Bxe6 fxe6 11. Qh5+ Kd7 12. Rf7+ Kc6 13. exd6 Nf6 14. Qe2 Qb6 15. Kh1 e5 16. c3 Rc8 17. cxd4 Qxd4 18. Nc3 a6 19. Be3 Qb4 20. d7 Rd8 21. Rc1 Kd6 22. Qd3+ Ke6 23. Rxf6+ gxf6 24. Qd5+ Ke7 25. Bc5+ Qxc5 26. Qxc5+ Kxd7 27. Qb6 Be7 28. Nd5 1-0

[Event "Budapest-chT1 Lilienthal 1718"]
[Site "Budapest"]
[Date "2017.12.10"]
[Round "5"]
[White "Marton, Denes"]
[Black "Kallai, Laszlo"]
[Result "1-0"]
[WhiteElo "2005"]
[BlackElo "1877"]
[PlyCount "45"]
[EventDate "2017.10.01"]
[EventType "team-tourn"]
[EventRounds "13"]
[EventCountry "HUN"]
[SourceTitle "EXT 2021"]
[Source "ChessBase"]
[SourceDate "2020.10.23"]
[SourceVersion "1"]
[SourceVersionDate "2020.10.23"]
[SourceQuality "1"]
[WhiteTeam "Budapest EAC II"]
[BlackTeam "Budapest Ujpest KSE"]
[WhiteTeamCountry "HUN"]
[BlackTeamCountry "HUN"]

1. Nf3 Nc6 2. g3 g6 3. Bg2 Bg7 4. 0-0 d5 5. d3 Nd4 6. Nbd2 Bg4 7. Nxd4 Bxd4 8. c3 Bg7 9. Qa4+ Qd7 10. Qxd7+ Kxd7 11. Bxd5 Bxe2 12. Re1 Bxd3 13. Bxb7 Rb8 14. Bg2 Rb6 15. Nb3 Rd6 16. Bf4 e5 17. Nc5+ Kc8 18. Bxe5 Bxe5 19. Rxe5 Nh6 20. Rae1 Rhd8 21. Nb7 Kb8 22. Nxd8 Rxd8 23. Re8 1-0